Nushka hai wafa (Record no. 567838)

000 -LEADER
fixed length control field 00416nam a22001697a 4500
003 - CONTROL NUMBER IDENTIFIER
control field CEME
005 - DATE AND TIME OF LATEST TRANSACTION
control field 20210628201942.0
008 - FIXED-LENGTH DATA ELEMENTS--GENERAL INFORMATION
fixed length control field 210129b xxu||||| |||| 00| 0 eng d
040 ## - CATALOGING SOURCE
Transcribing agency .
082 ## - DEWEY DECIMAL CLASSIFICATION NUMBER
Classification number 891.4391 FAI
100 ## - MAIN ENTRY--PERSONAL NAME
Personal name Faiz, Faiz Ahmad
9 (RLIN) 57569
245 ## - TITLE STATEMENT
Title Nushka hai wafa
260 ## - PUBLICATION, DISTRIBUTION, ETC.
Place of publication, distribution, etc. LAHORE
Name of publisher, distributor, etc. E.J.BRILL,MAKTABA KARAVAN
Date of publication, distribution, etc. 2000
300 ## - PHYSICAL DESCRIPTION
Extent 703P
650 ## - SUBJECT ADDED ENTRY--TOPICAL TERM
Topical term or geographic name entry element URDU ADAB-POETRY
9 (RLIN) 28226
942 ## - ADDED ENTRY ELEMENTS (KOHA)
Koha item type Book
Source of classification or shelving scheme
Holdings
Withdrawn status Lost status Damaged status Not for loan Permanent Location Current Location Shelving location Date acquired Total Checkouts Full call number Barcode Date last seen Price effective from Koha item type Source of classification or shelving scheme Shelving control number Date last checked out Public note
        College of Electrical & Mechanical Engineering (CEME) College of Electrical & Mechanical Engineering (CEME) General Stacks 03/13/2017   891.4391 FAI CEME-39613 06/28/2021 06/28/2021 Book        
        College of Electrical & Mechanical Engineering (CEME) College of Electrical & Mechanical Engineering (CEME) Fiction 03/13/2017 1 891.4391 FAI CEME-39614 01/27/2026 06/28/2021 Book   Urdu Literature 12/22/2022 1.0
© 2023 Central Library, National University of Sciences and Technology. All Rights Reserved.